[Event "Madrid ch Final"]
[Site "Madrid ESP"]
[Date "2005.03.02"]
[Round "1.1"]
[White "Barez Menendez, Hector"]
[Black "Roa Alonso, Santiago"]
[Result "0-1"]
[WhiteElo "2206"]
[BlackElo "2360"]
[PlyCount "106"]
[EventDate "2005.03.02"]
[EventType "tourn"]
[EventRounds "11"]
[EventCountry "ESP"]
[Source "lmi"]
[SourceDate "2005.03.20"]

1. d4 Nf6 2. Nf3 g6 3. g3 Bg7 4. Bg2 O-O 5. c4 d6 6. O-O Nbd7 7. Nc3 e5 8. e4
c6 9. h3 Qb6 10. c5 dxc5 11. dxe5 Ne8 12. e6 fxe6 13. Ng5 Ne5 14. f4 Nf7 15.
Nf3 c4+ 16. Kh2 e5 17. fxe5 Qc7 18. Qe2 Be6 19. Bf4 Qe7 20. Rad1 Nc7 21. Qe3 h6
22. g4 b6 23. Kh1 Rad8 24. Ne2 Rxd1 25. Rxd1 Rd8 26. Rxd8+ Qxd8 27. Ned4 c5 28.
Nxe6 Qd1+ 29. Kh2 Nxe6 30. Bg3 Qc2 31. Qa3 a5 32. Ne1 Qd1 33. Qc3 Qd4 34. Bf1
Nxe5 35. a4 Ng5 36. Qxd4 cxd4 37. Nc2 d3 38. Ne3 Nxe4 39. Bg2 Nxg3 40. Kxg3 Kf8
41. Bd5 d2 42. Kf2 Nd3+ 43. Ke2 Nxb2 44. Kxd2 c3+ 45. Kc2 Nxa4 46. Bc6 Nb2 47.
Bb5 Ke7 48. Nd5+ Kd6 49. Nxc3 Bxc3 50. Kxc3 Nd1+ 51. Kd4 Nf2 52. Bf1 a4 53. Ke3
a3 0-1

[Event "Madrid ch Final"]
[Site "Madrid ESP"]
[Date "2005.03.02"]
[Round "1.3"]
[White "De la Fuente Gonzalez, Francisco"]
[Black "Almagro Llanas, Pablo"]
[Result "0-1"]
[WhiteElo "2211"]
[BlackElo "2350"]
[PlyCount "148"]
[EventDate "2005.03.02"]
[EventType "tourn"]
[EventRounds "11"]
[EventCountry "ESP"]
[Source "lmi"]
[SourceDate "2005.03.20"]

1. d4 d5 2. c4 c6 3. Nf3 Nf6 4. Nc3 dxc4 5. a4 Bf5 6. e3 e6 7. Bxc4 Bb4 8. O-O
O-O 9. Qe2 Nbd7 10. Rd1 Bg6 11. Bd3 Bxd3 12. Qxd3 Qe7 13. e4 e5 14. Bg5 exd4
15. Qxd4 Bc5 16. Qc4 Qe6 17. Qxe6 fxe6 18. e5 Nd5 19. Ne4 Bb6 20. a5 Bc7 21. a6
b6 22. Nd4 Bxe5 23. Nxc6 Bxb2 24. Ra2 Bf6 25. Bxf6 N7xf6 26. Nxf6+ gxf6 27. Re1
Kf7 28. g3 Rfc8 29. Nd4 Re8 30. Nb5 Red8 31. Ra4 Rd7 32. Rh4 Rh8 33. Rc1 Ne7
34. Rhc4 Nd5 35. Kg2 h5 36. Kf3 Rg8 37. h4 Rgd8 38. Nc7 Ne7 39. Nb5 Nd5 40. Nc7
Rc8 41. Nxd5 Rxc4 42. Rxc4 exd5 43. Rc8 Ke6 44. Ke3 Ke5 45. Rh8 Rc7 46. Rxh5+
Ke6 47. Kd3 b5 48. Rh8 Rc6 49. Rb8 Rxa6 50. Rxb5 Ke5 51. f4+ Kf5 52. Rxd5+ Kg4
53. h5 Kxg3 54. Ke4 Kg4 55. h6 Re6+ 56. Kd4 Re7 57. Rd6 Kf5 58. Kc5 Rh7 59. Ra6
Rxh6 60. Rxa7 Kxf4 61. Ra6 Ke5 62. Kc4 Rh3 63. Ra1 f5 64. Re1+ Kf4 65. Kd4 Rh7
66. Kd3 Kf3 67. Re3+ Kf4 68. Re8 Kf3 69. Re3+ Kf2 70. Re2+ Kf1 71. Re5 Rh3+ 72.
Re3 Kg2 73. Rxh3 Kxh3 74. Ke2 Kg2 0-1

[Event "Madrid ch Final"]
[Site "Madrid ESP"]
[Date "2005.03.02"]
[Round "1.4"]
[White "Cortes Jurado, Rafael"]
[Black "Franco Alonso, Alejandro"]
[Result "0-1"]
[WhiteElo "2091"]
[BlackElo "2387"]
[PlyCount "84"]
[EventDate "2005.03.02"]
[EventType "tourn"]
[EventRounds "11"]
[EventCountry "ESP"]
[Source "lmi"]
[SourceDate "2005.03.20"]

1. e4 c5 2. Nf3 e6 3. d4 cxd4 4. Nxd4 Nf6 5. Nc3 d6 6. g4 h6 7. Rg1 Nc6 8. Be3
a6 9. Qe2 g5 10. O-O-O Ne5 11. f4 gxf4 12. Bxf4 Nfd7 13. Nf3 Qc7 14. g5 hxg5
15. Bxg5 Bg7 16. Be7 Bh6+ 17. Bg5 Nxf3 18. Qxf3 Qc5 19. Qg3 Qxg5+ 20. Qxg5
Bxg5+ 21. Rxg5 Ke7 22. Rd2 Ne5 23. Rdg2 Bd7 24. Be2 Bc6 25. Kd2 Rh4 26. Ke3
Rah8 27. Rg8 Rh3+ 28. R2g3 Rxh2 29. a4 Rxg8 30. Rxg8 Rh3+ 31. Kd2 Be8 32. Rg1
Nf3+ 33. Bxf3 Rxf3 34. b4 Rf2+ 35. Kd3 Rf3+ 36. Kd2 Rh3 37. b5 axb5 38. axb5
Rh5 39. Rb1 Kd8 40. Rf1 Kc7 41. Kd3 Kb6 42. Kc4 Rxb5 0-1

[Event "Madrid ch Final"]
[Site "Madrid ESP"]
[Date "2005.03.02"]
[Round "1.5"]
[White "Vazquez, Renier"]
[Black "Moreno Ruiz, Javier"]
[Result "0-1"]
[WhiteElo "2479"]
[BlackElo "2485"]
[PlyCount "86"]
[EventDate "2005.03.02"]
[EventType "tourn"]
[EventRounds "11"]
[EventCountry "ESP"]
[Source "lmi"]
[SourceDate "2005.03.20"]

1. Nf3 Nf6 2. c4 g6 3. Nc3 Bg7 4. e4 d6 5. d4 O-O 6. Be2 e5 7. d5 Na6 8. Nd2 h5
9. a3 c5 10. Rb1 Nh7 11. O-O h4 12. Qc2 f5 13. exf5 gxf5 14. f4 e4 15. Kh1 Bd7
16. b4 b6 17. Nd1 Kh8 18. Ne3 Rg8 19. Bh5 Qe7 20. Bb2 Bf6 21. Nb3 Rg7 22. bxc5
dxc5 23. d6 Qxd6 24. Rbd1 Qf8 25. Be5 Be6 26. Nd5 Bxd5 27. cxd5 Nb8 28. Nd2 b5
29. a4 a6 30. Qb2 Nd7 31. axb5 axb5 32. Qxb5 Nxe5 33. fxe5 Bxe5 34. Nc4 Bd4 35.
Qc6 Ra2 36. Rd2 Rxd2 37. Nxd2 Qg8 38. Qe6 Rxg2 39. Qxg8+ Rxg8 40. Bf7 Rg7 41.
Be6 Ng5 42. Bxf5 e3 43. Nc4 e2 0-1

[Event "Madrid ch Final"]
[Site "Madrid ESP"]
[Date "2005.03.03"]
[Round "2.2"]
[White "Moreno Ruiz, Javier"]
[Black "Ballesteros Gonzalez, David"]
[Result "1-0"]
[WhiteElo "2485"]
[BlackElo "2247"]
[PlyCount "89"]
[EventDate "2005.03.02"]
[EventType "tourn"]
[EventRounds "11"]
[EventCountry "ESP"]
[Source "lmi"]
[SourceDate "2005.03.20"]

1. d4 Nf6 2. c4 g6 3. Nc3 Bg7 4. e4 d6 5. f3 O-O 6. Bg5 Nbd7 7. Qd2 c5 8. d5
Qa5 9. Nh3 a6 10. Nf2 Rb8 11. a4 Re8 12. Be2 Nb6 13. Qc2 Bd7 14. Bd2 Na8 15.
O-O Qd8 16. f4 Rf8 17. a5 Nc7 18. Ncd1 Qc8 19. Ne3 e6 20. Bd3 exd5 21. exd5
Nce8 22. f5 g5 23. Ra3 h6 24. g3 Qd8 25. Kg2 Bc8 26. b4 Nd7 27. Ne4 cxb4 28.
Bxb4 Qc7 29. Ng4 f6 30. c5 dxc5 31. Nxc5 Nxc5 32. Qxc5 Rf7 33. d6 Qc6+ 34. Kg1
Rd7 35. Bc4+ Kh7 36. Rd3 Rd8 37. Be6 Bd7 38. Qxc6 bxc6 39. Bc5 Bf8 40. Re1 Kg7
41. Bb6 Bxe6 42. Bxd8 Rxd8 43. Rxe6 h5 44. Nf2 Rxd6 45. Rxe8 1-0

[Event "Madrid ch Final"]
[Site "Madrid ESP"]
[Date "2005.03.03"]
[Round "2.3"]
[White "Franco Alonso, Alejandro"]
[Black "Vazquez, Renier"]
[Result "1/2-1/2"]
[WhiteElo "2387"]
[BlackElo "2479"]
[PlyCount "107"]
[EventDate "2005.03.02"]
[EventType "tourn"]
[EventRounds "11"]
[EventCountry "ESP"]
[Source "lmi"]
[SourceDate "2005.03.20"]

1. d4 d5 2. c4 e6 3. Nf3 Nf6 4. g3 dxc4 5. Qa4+ Nbd7 6. Bg2 a6 7. Nc3 Be7 8.
Ne5 c5 9. dxc5 O-O 10. Nxd7 Nxd7 11. c6 Nb6 12. Qc2 Nd5 13. Nxd5 exd5 14. cxb7
Bxb7 15. O-O Bf6 16. Be3 Re8 17. Rad1 Qa5 18. Bd4 Bxd4 19. Rxd4 Qxa2 20. Rfd1
Rab8 21. Bxd5 Bxd5 22. Rxd5 Qxb2 23. Qxc4 Qxe2 24. Qxe2 Rxe2 25. Rd6 Re6 26.
Rxe6 fxe6 27. Rd6 Ra8 28. Rxe6 a5 29. Re3 a4 30. Ra3 Kf7 31. Kf1 Ke6 32. Ke2
Kd5 33. Kd3 Kc5 34. Kc3 Kb5 35. Kb2 Rf8 36. f4 Re8 37. Rd3 Re2+ 38. Ka3 Rxh2
39. Rd5+ Kc4 40. Rg5 g6 41. f5 gxf5 42. Rxf5 Rg2 43. Rg5 Rh2 44. Rg7 h5 45. Rg5
Rh1 46. Rg8 Ra1+ 47. Kb2 Rf1 48. Ka3 Kd4 49. Kxa4 Ke4 50. Kb4 Kf3 51. Rg5 Rh1
52. Kc3 Rh3 53. Kd2 Kf2 54. Kd1 1/2-1/2

[Event "Madrid ch Final"]
[Site "Madrid ESP"]
[Date "2005.03.03"]
[Round "2.4"]
[White "Almagro Llanas, Pablo"]
[Black "Cortes Jurado, Rafael"]
[Result "1-0"]
[WhiteElo "2350"]
[BlackElo "2091"]
[PlyCount "57"]
[EventDate "2005.03.02"]
[EventType "tourn"]
[EventRounds "11"]
[EventCountry "ESP"]
[Source "lmi"]
[SourceDate "2005.03.20"]

1. e4 c5 2. Nf3 e6 3. Nc3 a6 4. d4 cxd4 5. Nxd4 Nc6 6. Be2 Qc7 7. Be3 Nf6 8.
O-O Bb4 9. Na4 Be7 10. Bd3 b5 11. Nxc6 Qxc6 12. Nb6 Rb8 13. Nxc8 Rxc8 14. Qf3
d6 15. Bd4 O-O 16. Rae1 d5 17. e5 Ne4 18. c3 Nd2 19. Bxh7+ Kxh7 20. Qd3+ Kg8
21. Qxd2 Qc4 22. Re3 Bg5 23. f4 Be7 24. f5 Bg5 25. f6 b4 26. Qf2 gxf6 27. exf6
Kh7 28. Rh3+ Kg6 29. Qc2+ 1-0

[Event "Madrid ch Final"]
[Site "Madrid ESP"]
[Date "2005.03.03"]
[Round "2.5"]
[White "Salgado Lopez, Oscar"]
[Black "De la Fuente Gonzalez, Francisco"]
[Result "1/2-1/2"]
[WhiteElo "2138"]
[BlackElo "2211"]
[PlyCount "50"]
[EventDate "2005.03.02"]
[EventType "tourn"]
[EventRounds "11"]
[EventCountry "ESP"]
[Source "lmi"]
[SourceDate "2005.03.20"]

1. e4 e5 2. Nf3 Nf6 3. Nc3 Bb4 4. Nxe5 O-O 5. Be2 Re8 6. Nd3 Bxc3 7. dxc3 Nxe4
8. Nf4 c6 9. c4 d6 10. O-O Na6 11. Qd4 Qb6 12. Qxb6 axb6 13. Be3 Nac5 14. Rfe1
Bf5 15. g4 Bd7 16. h3 f5 17. Kg2 Re7 18. f3 Nf6 19. Bf2 Rae8 20. g5 Nh5 21.
Nxh5 Rxe2 22. Rxe2 Rxe2 23. Re1 Rxe1 24. Bxe1 Ne6 25. h4 Be8 1/2-1/2

[Event "Madrid ch Final"]
[Site "Madrid ESP"]
[Date "2005.03.03"]
[Round "2.6"]
[White "Barez Menendez, Hector"]
[Black "Alvarez Abejon, Amilcar"]
[Result "1-0"]
[WhiteElo "2206"]
[BlackElo "2129"]
[PlyCount "81"]
[EventDate "2005.03.02"]
[EventType "tourn"]
[EventRounds "11"]
[EventCountry "ESP"]
[Source "lmi"]
[SourceDate "2005.03.20"]

1. d4 Nf6 2. Nf3 e6 3. c4 d5 4. Nc3 Be7 5. cxd5 exd5 6. Bg5 c6 7. Qc2 Na6 8. e3
Nb4 9. Qb1 g6 10. Qd1 Bf5 11. Rc1 a5 12. a3 Na6 13. Bh6 Bf8 14. Bxf8 Kxf8 15.
Be2 Kg7 16. O-O Qe7 17. Ne5 Ne4 18. Nd3 Rhe8 19. Na4 Qd8 20. b4 axb4 21. axb4
Nd6 22. Nac5 Bxd3 23. Nxd3 Nc4 24. Nc5 b5 25. Qe1 Nxc5 26. bxc5 Qe7 27. Bxc4
bxc4 28. Rb1 Reb8 29. Qc3 Qe4 30. Rb6 Rc8 31. f3 Qe8 32. Re1 Qd7 33. e4 Ra2 34.
h3 Rca8 35. exd5 cxd5 36. Qe3 Rc2 37. Qe5+ Kh6 38. Qf4+ Kg7 39. Qe5+ Kh6 40.
Rd6 Qf5 41. Qxf5 1-0

[Event "Madrid ch Final"]
[Site "Madrid ESP"]
[Date "2005.03.04"]
[Round "3.1"]
[White "Alvarez Abejon, Amilcar"]
[Black "Roa Alonso, Santiago"]
[Result "1/2-1/2"]
[WhiteElo "2129"]
[BlackElo "2360"]
[PlyCount "52"]
[EventDate "2005.03.02"]
[EventType "tourn"]
[EventRounds "11"]
[EventCountry "ESP"]
[Source "lmi"]
[SourceDate "2005.03.20"]

1. d4 Nf6 2. c4 g6 3. Nc3 Bg7 4. e4 d6 5. Nf3 O-O 6. Be2 Nbd7 7. O-O e5 8. Qc2
c6 9. Rd1 Qe7 10. d5 c5 11. Bg5 h6 12. Bh4 g5 13. Bg3 Nh5 14. Nd2 Nf4 15. Nf1
f5 16. exf5 Nf6 17. f3 Nxe2+ 18. Qxe2 Bxf5 19. Bf2 Rae8 20. Ng3 Bg6 21. Nce4
Nxe4 22. Nxe4 Bxe4 23. fxe4 Qf7 24. Rf1 Qg6 25. Bg3 h5 26. Rxf8+ Rxf8 1/2-1/2

[Event "Madrid ch Final"]
[Site "Madrid ESP"]
[Date "2005.03.04"]
[Round "3.2"]
[White "De la Fuente Gonzalez, Francisco"]
[Black "Barez Menendez, Hector"]
[Result "1/2-1/2"]
[WhiteElo "2211"]
[BlackElo "2206"]
[PlyCount "45"]
[EventDate "2005.03.02"]
[EventType "tourn"]
[EventRounds "11"]
[EventCountry "ESP"]
[Source "lmi"]
[SourceDate "2005.03.20"]

1. d4 d5 2. c4 Nc6 3. e3 e5 4. dxe5 d4 5. a3 a5 6. Nf3 Bg4 7. Be2 dxe3 8. Qxd8+
Rxd8 9. Bxe3 Bxf3 10. Bxf3 Nxe5 11. Bxb7 Rb8 12. Ba6 c6 13. O-O Ng6 14. Re1
N8e7 15. b4 axb4 16. axb4 Rxb4 17. Nc3 f5 18. Rab1 Rxb1 19. Rxb1 f4 20. Bc5 Nf5
21. Rb8+ Kd7 22. Bxf8 Rxf8 23. Rxf8 1/2-1/2

[Event "Madrid ch Final"]
[Site "Madrid ESP"]
[Date "2005.03.04"]
[Round "3.3"]
[White "Cortes Jurado, Rafael"]
[Black "Salgado Lopez, Oscar"]
[Result "1-0"]
[WhiteElo "2091"]
[BlackElo "2138"]
[PlyCount "91"]
[EventDate "2005.03.02"]
[EventType "tourn"]
[EventRounds "11"]
[EventCountry "ESP"]
[Source "lmi"]
[SourceDate "2005.03.20"]

1. e4 c5 2. Nf3 e6 3. d4 cxd4 4. Nxd4 a6 5. Nc3 b5 6. Bd3 Bb7 7. O-O Qc7 8. Qe2
Nc6 9. Nxc6 dxc6 10. a4 b4 11. Nd1 Nf6 12. Ne3 Bc5 13. a5 O-O 14. Kh1 e5 15. f4
Bc8 16. fxe5 Qxe5 17. Nf5 Re8 18. Bf4 Qxf5 19. exf5 Rxe2 20. Bxe2 Bxf5 21. Bd6
Bxd6 22. Rxf5 Nd5 23. Bc4 g6 24. Rf3 Be5 25. Re1 Bxb2 26. Bxd5 cxd5 27. Re7 Rc8
28. Rexf7 Rxc2 29. h4 Rc4 30. g3 Bc3 31. Rb7 d4 32. Rf6 d3 33. Rxa6 Rc8 34. Rd6
b3 35. Rxb3 Bxa5 36. Rbxd3 Kg7 37. Rd7+ Kh6 38. Kg2 Be1 39. Kh3 Rc3 40. Rxc3
Bxc3 41. g4 g5 42. h5 Bb2 43. Kg2 Be5 44. Kf3 Bf4 45. Ke4 Be5 46. Kd5 1-0

[Event "Madrid ch Final"]
[Site "Madrid ESP"]
[Date "2005.03.04"]
[Round "3.4"]
[White "Vazquez, Renier"]
[Black "Almagro Llanas, Pablo"]
[Result "1-0"]
[WhiteElo "2479"]
[BlackElo "2350"]
[PlyCount "57"]
[EventDate "2005.03.02"]
[EventType "tourn"]
[EventRounds "11"]
[EventCountry "ESP"]
[Source "lmi"]
[SourceDate "2005.03.20"]

1. e4 c6 2. d4 d5 3. exd5 cxd5 4. c4 Nf6 5. Nc3 Nc6 6. Nf3 Bg4 7. cxd5 Nxd5 8.
Qb3 Bxf3 9. gxf3 Nb6 10. d5 Nd4 11. Bb5+ Nd7 12. Qa4 Nxb5 13. Qxb5 g6 14. O-O
Bg7 15. Re1 O-O 16. Bg5 Bf6 17. Bxf6 Nxf6 18. Qxb7 Re8 19. Re5 Rb8 20. Qxa7
Rxb2 21. Rae1 Qc8 22. Qd4 Rc2 23. R5e3 Qf5 24. a4 Rd8 25. h4 Qh3 26. Qf4 Nxd5
27. Nxd5 Rxd5 28. Rxe7 Rf5 29. Qh6 1-0

[Event "Madrid ch Final"]
[Site "Madrid ESP"]
[Date "2005.03.04"]
[Round "3.5"]
[White "Ballesteros Gonzalez, David"]
[Black "Franco Alonso, Alejandro"]
[Result "1/2-1/2"]
[WhiteElo "2247"]
[BlackElo "2387"]
[PlyCount "61"]
[EventDate "2005.03.02"]
[EventType "tourn"]
[EventRounds "11"]
[EventCountry "ESP"]
[Source "lmi"]
[SourceDate "2005.03.20"]

1. d4 Nf6 2. c4 e6 3. Nf3 b6 4. g3 Ba6 5. b3 Bb7 6. Bg2 Bb4+ 7. Bd2 a5 8. O-O
O-O 9. a3 Be7 10. Bc3 d5 11. Ne5 Nbd7 12. Nd2 Nxe5 13. dxe5 Nd7 14. cxd5 Bxd5
15. e4 Bb7 16. Qg4 Nc5 17. Rfd1 Qc8 18. Bd4 Rd8 19. Be3 a4 20. b4 Nb3 21. Nxb3
axb3 22. Rdb1 c5 23. bxc5 bxc5 24. Rxb3 c4 25. Rc3 Rd3 26. Rxd3 cxd3 27. Qd1
Qc3 28. a4 Qxe5 29. Rb1 Ba6 30. Qb3 Rd8 31. Qb6 1/2-1/2

[Event "Madrid ch Final"]
[Site "Madrid ESP"]
[Date "2005.03.08"]
[Round "4.1"]
[White "Roa Alonso, Santiago"]
[Black "Moreno Ruiz, Javier"]
[Result "0-1"]
[WhiteElo "2360"]
[BlackElo "2485"]
[PlyCount "100"]
[EventDate "2005.03.02"]
[EventType "tourn"]
[EventRounds "11"]
[EventCountry "ESP"]
[Source "lmi"]
[SourceDate "2005.03.20"]

1. e4 e5 2. Nf3 Nc6 3. Bb5 a6 4. Ba4 Nf6 5. O-O Be7 6. Re1 b5 7. Bb3 d6 8. c3
O-O 9. h3 Na5 10. Bc2 c5 11. d4 Qc7 12. dxe5 dxe5 13. Nbd2 c4 14. Nf1 Rd8 15.
Qe2 Nb7 16. a4 Rb8 17. axb5 axb5 18. Bg5 Nc5 19. Bxf6 Bxf6 20. Ne3 Bb7 21. Ng4
Qe7 22. Qe3 Rdc8 23. Rad1 h5 24. Nxf6+ Qxf6 25. Rd2 Ra8 26. Red1 Ra2 27. Bb1
Ra1 28. Ne1 Qg6 29. f3 Raa8 30. Rd6 Qg3 31. Qf2 Qxf2+ 32. Kxf2 Kf8 33. Ke3 Ke7
34. R6d2 h4 35. Nc2 Rd8 36. Na3 Rxd2 37. Rxd2 Bc6 38. Bc2 Ne6 39. Bd1 Nf4 40.
Bc2 Bd7 41. Kf2 Ra6 42. Kg1 Rg6 43. Kh1 Bc6 44. Kh2 Bd7 45. Kh1 Rd6 46. Rxd6
Kxd6 47. Kg1 Kc5 48. Kf2 b4 49. cxb4+ Kxb4 50. Nb1 Ba4 0-1

[Event "Madrid ch Final"]
[Site "Madrid ESP"]
[Date "2005.03.08"]
[Round "4.3"]
[White "Almagro Llanas, Pablo"]
[Black "Ballesteros Gonzalez, David"]
[Result "1-0"]
[WhiteElo "2350"]
[BlackElo "2247"]
[PlyCount "51"]
[EventDate "2005.03.02"]
[EventType "tourn"]
[EventRounds "11"]
[EventCountry "ESP"]
[Source "lmi"]
[SourceDate "2005.03.20"]

1. e4 d6 2. d4 g6 3. b3 Bg7 4. Bb2 c5 5. Bb5+ Nc6 6. Bxc6+ bxc6 7. Ne2 Nh6 8.
O-O O-O 9. c3 Qb6 10. Nd2 Ba6 11. Re1 Rac8 12. Nf3 Qa5 13. c4 Rcd8 14. Bc3 Qa3
15. d5 cxd5 16. Bxg7 Kxg7 17. exd5 Qb2 18. Ng3 Rde8 19. Re2 Qf6 20. Ne4 Qf4 21.
Qe1 Nf5 22. Qc3+ f6 23. Neg5 Nd4 24. Nxd4 cxd4 25. Ne6+ Kf7 26. Qh3 1-0

[Event "Madrid ch Final"]
[Site "Madrid ESP"]
[Date "2005.03.08"]
[Round "4.4"]
[White "Salgado Lopez, Oscar"]
[Black "Vazquez, Renier"]
[Result "0-1"]
[WhiteElo "2138"]
[BlackElo "2479"]
[PlyCount "66"]
[EventDate "2005.03.02"]
[EventType "tourn"]
[EventRounds "11"]
[EventCountry "ESP"]
[Source "lmi"]
[SourceDate "2005.03.20"]

1. e4 c5 2. Nf3 d6 3. d4 cxd4 4. Nxd4 Nf6 5. Nc3 a6 6. f3 e5 7. Nb3 Be6 8. Be3
Nbd7 9. Qd2 Be7 10. g4 h6 11. O-O-O b5 12. Nd5 Bxd5 13. exd5 Nb6 14. Bxb6 Qxb6
15. h4 a5 16. Kb1 a4 17. Nc1 b4 18. Ne2 Ra5 19. c4 bxc3 20. Nxc3 O-O 21. g5 Nh5
22. Bd3 g6 23. Rdg1 Rb8 24. gxh6 Qd4 25. Qc2 Kh8 26. Rg4 Nf4 27. Bb5 Raxb5 28.
Nxb5 Rxb5 29. h5 a3 30. b3 Rc5 31. hxg6 fxg6 32. Qh2 Qd3+ 33. Ka1 Bf6 0-1

[Event "Madrid ch Final"]
[Site "Madrid ESP"]
[Date "2005.03.08"]
[Round "4.5"]
[White "Barez Menendez, Hector"]
[Black "Cortes Jurado, Rafael"]
[Result "1-0"]
[WhiteElo "2206"]
[BlackElo "2091"]
[PlyCount "129"]
[EventDate "2005.03.02"]
[EventType "tourn"]
[EventRounds "11"]
[EventCountry "ESP"]
[Source "lmi"]
[SourceDate "2005.03.20"]

1. Nf3 c5 2. c4 Nf6 3. g3 b6 4. Bg2 Bb7 5. O-O e6 6. b3 Be7 7. Bb2 O-O 8. Nc3
a6 9. d4 cxd4 10. Qxd4 d6 11. e4 Nbd7 12. Qe3 Qc7 13. Nd4 Rac8 14. Rad1 Rfd8
15. Rfe1 Nc5 16. h3 Bf8 17. Re2 Qb8 18. Kh1 g6 19. Red2 Bg7 20. g4 Qa8 21. f3
Qb8 22. Ba1 d5 23. e5 Nfd7 24. cxd5 Nxe5 25. dxe6 fxe6 26. Nce2 Nf7 27. b4 e5
28. bxc5 exd4 29. Bxd4 Bh6 30. f4 Bxg2+ 31. Kxg2 Re8 32. Qf2 bxc5 33. Bxc5 Re4
34. g5 Bg7 35. Be3 Rce8 36. Rd3 Nd6 37. Rxd6 Rxe3 38. Qxe3 Rxe3 39. Rd8+ Qxd8
40. Rxd8+ Kf7 41. Rd2 Ke6 42. Ng3 Bf8 43. Rb2 Ra3 44. Re2+ Kd5 45. Ne4 Kd4 46.
Nf6 Kd3 47. Rf2 Ra4 48. Nxh7 Bd6 49. f5 gxf5 50. Rxf5 Rxa2+ 51. Kf3 Kd4 52. Nf6
Ra3+ 53. Kg4 Be5 54. Nd7 Bd6 55. h4 Rg3+ 56. Kh5 Ke4 57. Ra5 Rb3 58. Rxa6 Kd5
59. Nf6+ Ke5 60. Ng4+ Ke6 61. Nf6 Ke5 62. Kg6 Rb5 63. Ra4 Bb4 64. h5 Be1 65.
Re4+ 1-0

[Event "Madrid ch Final"]
[Site "Madrid ESP"]
[Date "2005.03.08"]
[Round "4.6"]
[White "Alvarez Abejon, Amilcar"]
[Black "De la Fuente Gonzalez, Francisco"]
[Result "1-0"]
[WhiteElo "2129"]
[BlackElo "2211"]
[PlyCount "79"]
[EventDate "2005.03.02"]
[EventType "tourn"]
[EventRounds "11"]
[EventCountry "ESP"]
[Source "lmi"]
[SourceDate "2005.03.20"]

1. d4 d5 2. c4 c6 3. Nf3 Nf6 4. Nc3 dxc4 5. a4 Bf5 6. e3 e6 7. Bxc4 Bb4 8. O-O
O-O 9. Qe2 Nbd7 10. e4 Bg6 11. Bd3 c5 12. e5 Ne8 13. Bxg6 fxg6 14. d5 Bxc3 15.
Bg5 Qb6 16. dxe6 Nxe5 17. bxc3 Nxf3+ 18. gxf3 Rf5 19. Bh4 Qc6 20. Rfd1 g5 21.
Bg3 Nf6 22. e7 Re8 23. Rd6 Qxf3 24. Qe6+ Kh8 25. Qf7 Rg8 26. Rd8 h5 27. Rxg8+
Nxg8 28. Qxf5 Qxf5 29. e8=Q h4 30. Qh5+ Nh6 31. Bxh4 gxh4 32. Qxf5 Nxf5 33. Rd1
b6 34. Rd7 Kh7 35. Rxa7 Nd6 36. Rd7 Ne4 37. c4 Kg6 38. Rb7 Nc3 39. Rxb6+ Kf5
40. a5 1-0

[Event "Madrid ch Final"]
[Site "Madrid ESP"]
[Date "2005.03.09"]
[Round "5.1"]
[White "De la Fuente Gonzalez, Francisco"]
[Black "Roa Alonso, Santiago"]
[Result "0-1"]
[WhiteElo "2211"]
[BlackElo "2360"]
[PlyCount "68"]
[EventDate "2005.03.02"]
[EventType "tourn"]
[EventRounds "11"]
[EventCountry "ESP"]
[Source "lmi"]
[SourceDate "2005.03.20"]

1. d4 Nf6 2. Nf3 e6 3. e3 b6 4. Bd3 Bb7 5. Nbd2 c5 6. O-O Be7 7. c3 Nc6 8. Ne5
Qc7 9. f4 cxd4 10. exd4 d6 11. Nxc6 Bxc6 12. Qe2 g6 13. c4 O-O 14. b3 Rfe8 15.
Bb2 Qb7 16. Rae1 a6 17. Nf3 b5 18. Ng5 Bf8 19. Qf2 Bg7 20. d5 exd5 21. f5 Ng4
22. Qh4 Qa7+ 23. Kh1 Nf2+ 24. Rxf2 Rxe1+ 25. Bf1 h5 26. Bxg7 Kxg7 27. cxd5 Bxd5
28. fxg6 fxg6 29. Qf4 Qe7 30. h4 Rf8 31. Qd4+ Re5 32. Rxf8 Qxf8 33. Be2 Qf6 34.
Qd2 Qf2 0-1

[Event "Madrid ch Final"]
[Site "Madrid ESP"]
[Date "2005.03.09"]
[Round "5.2"]
[White "Cortes Jurado, Rafael"]
[Black "Alvarez Abejon, Amilcar"]
[Result "1/2-1/2"]
[WhiteElo "2091"]
[BlackElo "2129"]
[PlyCount "52"]
[EventDate "2005.03.02"]
[EventType "tourn"]
[EventRounds "11"]
[EventCountry "ESP"]
[Source "lmi"]
[SourceDate "2005.03.20"]

1. e4 e5 2. Nf3 Nc6 3. Nc3 Nf6 4. d4 exd4 5. Nxd4 Bb4 6. Nxc6 bxc6 7. Bd3 d5 8.
exd5 cxd5 9. O-O O-O 10. Bg5 c6 11. Qf3 Rb8 12. Bxf6 Qxf6 13. Qxf6 gxf6 14. Ne2
Bd6 15. b3 c5 16. Rad1 Be6 17. Ng3 Rfe8 18. Rd2 Be5 19. c4 Rbd8 20. Re2 Bxg3
21. fxg3 dxc4 22. Bxc4 Bxc4 23. Rxe8+ Rxe8 24. bxc4 Re2 25. Rf2 Re1+ 26. Rf1
Re2 1/2-1/2

[Event "Madrid ch Final"]
[Site "Madrid ESP"]
[Date "2005.03.09"]
[Round "5.3"]
[White "Vazquez, Renier"]
[Black "Barez Menendez, Hector"]
[Result "1-0"]
[WhiteElo "2479"]
[BlackElo "2206"]
[PlyCount "83"]
[EventDate "2005.03.02"]
[EventType "tourn"]
[EventRounds "11"]
[EventCountry "ESP"]
[Source "lmi"]
[SourceDate "2005.03.20"]

1. d4 d5 2. c4 e6 3. Nc3 Nf6 4. cxd5 exd5 5. Bg5 Be7 6. e3 c6 7. Qc2 O-O 8. Bd3
Nbd7 9. Nge2 Re8 10. O-O g6 11. f3 Nh5 12. Bxe7 Qxe7 13. e4 Nb6 14. a4 Be6 15.
a5 dxe4 16. fxe4 Nc4 17. Qc1 b6 18. a6 Na5 19. Qe3 Nc4 20. Qc1 Na5 21. Qh6 Rad8
22. Rad1 Nc4 23. Rb1 b5 24. h3 Nb6 25. e5 Qf8 26. Qc1 Bd5 27. b4 Ng7 28. Ne4
Bxe4 29. Bxe4 Ne6 30. Qc3 Rc8 31. Rf6 Ng5 32. Bxc6 Ne4 33. Bxe4 Rxc3 34. Nxc3
Rc8 35. Nxb5 Rc4 36. Nxa7 Rxd4 37. Rxb6 Rxe4 38. Nc6 Qh6 39. a7 Qe3+ 40. Kh1
Qf2 41. a8=Q+ Kg7 42. Qd8 1-0

[Event "Madrid ch Final"]
[Site "Madrid ESP"]
[Date "2005.03.09"]
[Round "5.4"]
[White "Ballesteros Gonzalez, David"]
[Black "Salgado Lopez, Oscar"]
[Result "0-1"]
[WhiteElo "2247"]
[BlackElo "2138"]
[PlyCount "102"]
[EventDate "2005.03.02"]
[EventType "tourn"]
[EventRounds "11"]
[EventCountry "ESP"]
[Source "lmi"]
[SourceDate "2005.03.20"]

1. d4 d5 2. Nf3 Nf6 3. c4 c6 4. cxd5 cxd5 5. Nc3 Nc6 6. Bf4 Bf5 7. e3 e6 8. Bb5
Nd7 9. O-O Rc8 10. Rc1 Be7 11. Qa4 Qb6 12. a3 a6 13. Bxc6 Rxc6 14. e4 Bxe4 15.
Nxe4 dxe4 16. Ne5 Nxe5 17. dxe5 O-O 18. Rxc6 bxc6 19. b4 Rd8 20. Rc1 Qb5 21.
Qxb5 cxb5 22. Kf1 g5 23. Be3 Rd3 24. Rc7 Kf8 25. Bc1 Bd8 26. Rc8 Kg7 27. Ke2
Rd5 28. Be3 a5 29. Bc5 axb4 30. axb4 Kg6 31. Ke3 Kf5 32. Bd4 g4 33. Bc3 Bb6+
34. Ke2 Bd4 35. Bd2 Bxe5 36. Rf8 Rd7 37. Rg8 Bf4 38. Be1 Rc7 39. g3 Bg5 40. Rb8
Rc2+ 41. Kd1 Rb2 42. Rxb5+ e5 43. Bc3 Rb1+ 44. Kc2 Rc1+ 45. Kb3 f6 46. Ra5 e3
47. Ra2 Ke4 48. b5 Kd3 49. Bb4 Rb1+ 50. Ka3 e2 51. Rb2 Bc1 0-1

[Event "Madrid ch Final"]
[Site "Madrid ESP"]
[Date "2005.03.09"]
[Round "5.6"]
[White "Moreno Ruiz, Javier"]
[Black "Franco Alonso, Alejandro"]
[Result "0-1"]
[WhiteElo "2485"]
[BlackElo "2387"]
[PlyCount "50"]
[EventDate "2005.03.02"]
[EventType "tourn"]
[EventRounds "11"]
[EventCountry "ESP"]
[Source "lmi"]
[SourceDate "2005.03.20"]

1. d4 Nf6 2. c4 e6 3. Nc3 Bb4 4. e3 O-O 5. Bd3 c5 6. Nf3 d5 7. O-O Nc6 8. a3
Bxc3 9. bxc3 b6 10. cxd5 exd5 11. dxc5 bxc5 12. c4 Rb8 13. Qa4 Bd7 14. Qc2 Bg4
15. Ng5 h6 16. cxd5 Ne5 17. f3 Nxd3 18. Qxd3 Bd7 19. Ne4 Bb5 20. Qc2 Bxf1 21.
Kxf1 Nxd5 22. Qxc5 Nf6 23. Nf2 Qd7 24. e4 Rfc8 25. Qa5 Qd4 0-1